[Event "Titled Tuesday intern op 03rd Sep Late"]
[Site "Chess.com INT"]
[Date "2024.09.03"]
[Round "3"]
[White "Zou, Chen"]
[Black "Garcia Almaguer, Juan Manuel"]
[Result "1-0"]
[WhiteElo "2449"]
[BlackElo "2120"]
[PlyCount "77"]
[EventDate "2024.09.03"]
[EventType "swiss (blitz)"]
[EventRounds "11"]
[EventCountry "USA"]
[SourceTitle "EXT 2025"]
[Source "ChessBase"]
[SourceDate "2024.10.14"]
[SourceVersion "1"]
[SourceVersionDate "2024.10.14"]
[SourceQuality "1"]

1. Nf3 Nf6 2. d4 d5 3. c4 e6 4. Nc3 Nbd7 5. cxd5 exd5 6. Bg5 Bb4 7. Rc1 0-0 8. e3 h6 9. Bh4 c5 10. Bd3 c4 11. Bb1 Bxc3+ 12. bxc3 Re8 13. 0-0 b5 14. Nd2 a5 15. Re1 Bb7 16. f3 b4 17. e4 bxc3 18. Rxc3 g5 19. Bf2 Rc8 20. e5 Nh5 21. Nf1 Nf8 22. Ne3 Qb6 23. Nf5 Re6 24. h4 Ba6 25. Qd2 Qd8 26. Be3 Nh7 27. Bc2 Rb8 28. g4 Ng7 29. Kg2 Rb2 30. Nxh6+ Rxh6 31. Bxh7+ Rxh7 32. Qxb2 Rxh4 33. Rcc1 Ne6 34. Rh1 c3 35. Qxc3 Bc4 36. Qc2 Qb6 37. Rb1 Nxd4 38. Qf2 Qe6 39. Rxh4 1-0

[Event "Titled Tuesday intern op 27th Aug Early"]
[Site "Chess.com INT"]
[Date "2024.08.27"]
[Round "7"]
[White "Kamsky, Gata"]
[Black "Zou, Chen"]
[Result "1-0"]
[WhiteElo "2609"]
[BlackElo "2449"]
[PlyCount "103"]
[EventDate "2024.08.27"]
[EventType "swiss (blitz)"]
[EventRounds "11"]
[EventCountry "USA"]
[SourceTitle "EXT 2025"]
[Source "ChessBase"]
[SourceDate "2024.10.14"]
[SourceVersion "1"]
[SourceVersionDate "2024.10.14"]
[SourceQuality "1"]

1. d4 Nf6 2. Bf4 e6 3. e3 b6 4. Nf3 Bb7 5. a4 a6 6. Nbd2 Be7 7. h3 c5 8. Bd3 Nc6 9. c3 0-0 10. 0-0 d6 11. Bh2 Re8 12. Re1 Bf8 13. e4 cxd4 14. cxd4 Nb4 15. Bb1 Rc8 16. Ra3 a5 17. Rc3 Rc6 18. Bf4 Nd7 19. Nf1 Qa8 20. Ng3 g6 21. Qd2 Rec8 22. h4 Bg7 23. h5 e5 24. Bh6 exd4 25. Nxd4 Rxc3 26. bxc3 Bxh6 27. Qxh6 Rxc3 28. hxg6 hxg6 29. Nb5 Rc6 30. e5 dxe5 31. Be4 Qf8 32. Qd2 Nc5 33. Bxc6 Nxc6 34. Ne4 Nxe4 35. Rxe4 Qe7 36. Rc4 Qe6 37. Rc1 Kg7 38. Qd6 Nd4 39. Qxe6 Nxe6 40. Nd6 Bd5 41. Rb1 Nc5 42. Rxb6 Nxa4 43. Rb5 Nc3 44. Rc5 Ne2+ 45. Kf1 Nf4 46. g3 Bg2+ 47. Kg1 Ne6 48. Rxe5 Bf3 49. Rxa5 Be2 50. f4 Nd8 51. Ra7 Kf6 52. Rd7 1-0

[Event "Titled Tuesday intern op 27th Aug Early"]
[Site "Chess.com INT"]
[Date "2024.08.27"]
[Round "1"]
[White "Zhong, Ryan Yunhui"]
[Black "Zou, Chen"]
[Result "0-1"]
[WhiteElo "2024"]
[BlackElo "2449"]
[PlyCount "74"]
[EventDate "2024.08.27"]
[EventType "swiss (blitz)"]
[EventRounds "11"]
[EventCountry "USA"]
[SourceTitle "EXT 2025"]
[Source "ChessBase"]
[SourceDate "2024.10.14"]
[SourceVersion "1"]
[SourceVersionDate "2024.10.14"]
[SourceQuality "1"]

1. e4 c5 2. Nf3 d6 3. Bb5+ Nd7 4. c3 Ngf6 5. Qe2 a6 6. Ba4 b5 7. Bc2 Bb7 8. 0-0 e6 9. d4 Be7 10. Bf4 0-0 11. Rd1 cxd4 12. cxd4 Rc8 13. a3 Re8 14. Nc3 Bf8 15. e5 Bxf3 16. Qxf3 Nd5 17. Qd3 g6 18. Nxd5 exd5 19. exd6 Qf6 20. Bg3 Bxd6 21. Bb3 Nb6 22. Bxd6 Qxd6 23. Rac1 Nc4 24. Rc2 Re7 25. Ba2 Rce8 26. g3 Qf6 27. Kg2 h5 28. Bxc4 bxc4 29. Qf3 Qxf3+ 30. Kxf3 Rb7 31. Rdd2 Re4 32. Rc3 Kg7 33. Re3 f5 34. Rxe4 fxe4+ 35. Kf4 Kf6 36. h4 Rb3 37. f3 Rxf3# 0-1

[Event "Titled Tuesday intern op 20th Aug Early"]
[Site "Chess.com INT"]
[Date "2024.08.20"]
[Round "2"]
[White "Jaiveer, Mahendru"]
[Black "Zou, Chen"]
[Result "1-0"]
[WhiteElo "2220"]
[BlackElo "2449"]
[PlyCount "73"]
[EventDate "2024.08.20"]
[EventType "swiss (blitz)"]
[EventRounds "11"]
[EventCountry "USA"]
[SourceTitle "EXT 2025"]
[Source "ChessBase"]
[SourceDate "2024.10.14"]
[SourceVersion "1"]
[SourceVersionDate "2024.10.14"]
[SourceQuality "1"]

1. Nf3 Nf6 2. e3 g6 3. b3 Bg7 4. Bb2 0-0 5. Be2 d6 6. 0-0 e5 7. d4 e4 8. Nfd2 Re8 9. c4 Bf5 10. Nc3 h5 11. f4 exf3 12. Bxf3 c6 13. e4 Ng4 14. exf5 Bxd4+ 15. Kh1 Nxh2 16. g3 Nxf1 17. Nxf1 Qf6 18. Qd3 Nd7 19. Rd1 Be5 20. fxg6 Qxg6 21. Be4 Qg7 22. Bf5 Nc5 23. Qf3 Ne6 24. Qxh5 Bxc3 25. Bxc3 Qxc3 26. Rxd6 Rad8 27. Bxe6 fxe6 28. Rxd8 Rxd8 29. Qg6+ Kh8 30. Qxe6 Kh7 31. Qf5+ Kg7 32. Qg5+ Kf7 33. Qxd8 Qf3+ 34. Kg1 Qe2 35. Qd7+ Kf6 36. Qd4+ Kf5 37. Qf2+ 1-0

[Event "Titled Tuesday intern op 20th Aug Early"]
[Site "Chess.com INT"]
[Date "2024.08.20"]
[Round "3"]
[White "Zou, Chen"]
[Black "Marcziter, Dmitrii"]
[Result "0-1"]
[WhiteElo "2449"]
[BlackElo "2212"]
[PlyCount "58"]
[EventDate "2024.08.20"]
[EventType "swiss (blitz)"]
[EventRounds "11"]
[EventCountry "USA"]
[SourceTitle "EXT 2025"]
[Source "ChessBase"]
[SourceDate "2024.10.14"]
[SourceVersion "1"]
[SourceVersionDate "2024.10.14"]
[SourceQuality "1"]

1. d4 Nf6 2. c4 g6 3. Nf3 Bg7 4. Nc3 0-0 5. e4 d6 6. Be2 Na6 7. 0-0 c5 8. d5 e6 9. Nd2 Re8 10. h3 Nc7 11. a4 b6 12. Re1 a6 13. Bf1 Rb8 14. dxe6 Nxe6 15. Nf3 Nd4 16. Bd3 Bb7 17. Nxd4 cxd4 18. Nd5 Bxd5 19. cxd5 b5 20. axb5 axb5 21. b3 Nd7 22. Bb2 Nc5 23. Bb1 Qf6 24. f3 Rb7 25. Re2 Qg5 26. Bd3 b4 27. Bc1 Qg3 28. Rb1 Rbe7 29. Rf2 f5 0-1

[Event "Titled Tuesday intern op 06th Aug Early"]
[Site "Chess.com INT"]
[Date "2024.08.06"]
[Round "6"]
[White "Dumanuly, Sultanbeibarys"]
[Black "Zou, Chen"]
[Result "0-1"]
[WhiteElo "2081"]
[BlackElo "2449"]
[PlyCount "68"]
[EventDate "2024.08.06"]
[EventType "swiss (blitz)"]
[EventRounds "11"]
[EventCountry "USA"]
[SourceTitle "EXT 2025"]
[Source "ChessBase"]
[SourceDate "2024.10.14"]
[SourceVersion "1"]
[SourceVersionDate "2024.10.14"]
[SourceQuality "1"]

1. e4 c6 2. Nf3 d5 3. Nc3 dxe4 4. Nxe4 Nf6 5. Qe2 Bf5 6. Nxf6+ gxf6 7. d4 Nd7 8. Bd2 e6 9. 0-0-0 Qc7 10. Rg1 0-0-0 11. g4 Bg6 12. h4 h5 13. g5 Be7 14. gxf6 Bxf6 15. Bg5 Bf5 16. Kb1 Bg4 17. Qe3 Bxg5 18. hxg5 Nb6 19. Be2 Nd5 20. Qa3 Kb8 21. Rde1 Nf4 22. Bd1 Bxf3 23. Bxf3 Rxd4 24. Qc3 Rhd8 25. b3 Qd6 26. Kb2 Rd2 27. Rd1 Qd4 28. Rxd2 Qxd2 29. Qe5+ Ka8 30. Be4 Qd4+ 31. Qxd4 Rxd4 32. f3 Kb8 33. Kc3 Ne2+ 34. Kb2 Nxg1 0-1

[Event "Titled Tuesday intern op 06th Aug Early"]
[Site "Chess.com INT"]
[Date "2024.08.06"]
[Round "3"]
[White "Zou, Chen"]
[Black "Kanyamarala, Trisha"]
[Result "1-0"]
[WhiteElo "2449"]
[BlackElo "2165"]
[PlyCount "47"]
[EventDate "2024.08.06"]
[EventType "swiss (blitz)"]
[EventRounds "11"]
[EventCountry "USA"]
[SourceTitle "EXT 2025"]
[Source "ChessBase"]
[SourceDate "2024.10.14"]
[SourceVersion "1"]
[SourceVersionDate "2024.10.14"]
[SourceQuality "1"]

1. Nf3 d5 2. b3 g6 3. Bb2 Nf6 4. g3 Bg7 5. Bg2 0-0 6. 0-0 c6 7. c4 Nbd7 8. d3 Re8 9. cxd5 cxd5 10. Nc3 d4 11. Nxd4 Nc5 12. Nf3 Bf5 13. Rc1 Rc8 14. Qd2 Qd7 15. Rfd1 Bh3 16. Nb1 Bxg2 17. Kxg2 Red8 18. Rc2 Qd5 19. Rdc1 Rc6 20. Qg5 Rdc8 21. Bxf6 Qxg5 22. Bxg5 h6 23. Be3 b6 24. b4 1-0

[Event "Titled Tuesday intern op 06th Aug Early"]
[Site "Chess.com INT"]
[Date "2024.08.06"]
[Round "8"]
[White "Zou, Chen"]
[Black "Pichot, Alan"]
[Result "0-1"]
[WhiteElo "2449"]
[BlackElo "2638"]
[PlyCount "64"]
[EventDate "2024.08.06"]
[EventType "swiss (blitz)"]
[EventRounds "11"]
[EventCountry "USA"]
[SourceTitle "EXT 2025"]
[Source "ChessBase"]
[SourceDate "2024.10.14"]
[SourceVersion "1"]
[SourceVersionDate "2024.10.14"]
[SourceQuality "1"]

1. Nf3 d5 2. b3 Nf6 3. Bb2 c6 4. g3 Bf5 5. Bg2 h6 6. d3 e6 7. Nbd2 Nbd7 8. 0-0 a5 9. a3 Bh7 10. e3 Be7 11. Qe2 0-0 12. Rfe1 a4 13. b4 c5 14. bxc5 Nxc5 15. Rab1 Qa5 16. Ne5 Rfd8 17. Ndf3 Nfd7 18. Nxd7 Nxd7 19. Qd2 Qxd2 20. Nxd2 Rac8 21. Rec1 b5 22. Bf1 Rc7 23. Nf3 Rdc8 24. Ne1 b4 25. axb4 Bxb4 26. Ra1 Bxe1 27. Rxe1 Rxc2 28. Ba3 Ne5 29. Red1 Ng4 30. Rdc1 Nxf2 31. Rxc2 Rxc2 32. Rb1 Bxd3 0-1